Регионална библиотека "Любен Каравелов" - Русе

Лабиринт от тайни (Запис номер 9144)

MARC детайли
000 -Лидер
Контролно поле с фиксирана дължина 01248nam a2200301 c 4500
003 - Код на организацията, давaща контролен номер
Контролно поле BLK
005 - Дата и час на последна редакция
Контролно поле 20180420214409.0
008 - Елементи от данни с фиксирана дължина
fixed length control field 180412b bul|||||r ||||||| ||bul||
010 ## - Наследен системен номер
LC control number KNG00010551000
020 ## - Международен стандартен номер на книга ISBN
Международен стандартен номер на книга ISBN 954-437-036-6
-- издат.: Златорогь
040 ## - Източник на каталожния запис
Идентификатор на билиотеката - собственик на записа BLK
041 ## - Код за език
Код за езика на текст/звукозапис или на отделно заглавие Български
Код за езика КДБФ Български
080 ## - УДК
Текстов определител УДК Американска литература (на САЩ)
УДК код - определител по УДК 821.111(73)
УДК определител -31
УДК - код + определител 821.111(73)-31
100 1# - Редна дума - Автор
Автор Ендрюс, Вирджиния С.
Авторска отговорност първи автор
R(LIN) 252636
139 ## - Редно поле
Редна дума Ендрюс, Вирджиния С.
Авторски знак Енд - Е 63
245 10 - Сведения за заглавието
Заглавие Лабиринт от тайни
Подзаглавни данни Роман
Редно поле (дума) Вирджиния С. Ендрюс; прев. от англ. Филипина Филипова.
257 ## - Страна на издаване
Страна на създаване/издаване Съединени американски щати
260 ## - Област на издателските данни
-- София
Име на издателя, разпространителя и проч. Златорогь
Година на издаване 1995
300 ## - Физическа характеристика
Страници 352 с.
Размери/Мащаб 20 см
380 ## - Жанр
Жанр Худож. лит.
500 ## - Общи забележки
Забележка Ориг. загл. If There be thorns / V. C. Andrews. - Кн. е продълж. на романа Разпилени от вятъра от същия авт.
700 1# - Други автори (авторска отговорност)
Лично име Филипова, Филипина
Автороска отговорност (Описва отношението между автора и произведението) прев. от англ.
9 (RLIN) 254137
852 ## - Местоположение
Форматна сигнатура Цб 184836
856 4# - Електронен адрес и достъп
Електронен формат pdf - файл
Път до файла /url/
856 4# - Електронен адрес и достъп
Електронен формат pdf - файл
Път до файла /url/
942 ## - АРТИКУЛИ
Вид на библиотечния материал Книги
Скрит в OPAC Не
944 ## - СЪЗДАВАНЕ И РЕДАКЦИЯ на ЗАПИСА
Създаване/Редакция Създаване
Дата на регистрацията/редакция 15.01.2003
Служител, извършил регистрацията/редакцията Геновева_Генчева
944 ## - СЪЗДАВАНЕ И РЕДАКЦИЯ на ЗАПИСА
Създаване/Редакция Редакция
Дата на регистрацията/редакция 31.01.2011
Служител, извършил регистрацията/редакцията
999 ## - СИСТЕМНИ КОНТРОЛНИ НОМЕРА
Koha biblionumber 9144
Koha biblioitemnumber 9144
Наличности
Код за отписване Код за изгубен артикул Източник на класификационната схема Код за повреда Коз за рестрикции Код за отдаване Артикулен № Име на библиотеката - собственик Име на библиотеката, в която се намира в момента Статус (Текущо местоположение) Дата на вписване в системата Местоположение - отдел Цена в лева Инвентарен номер Систематично азбучна сигнатура Баркод Номер на екземпляра Цена в евро Служебна бележка Служебен тип на артикула
Изтеглен Не е изгубен Universal Decimal Classification Не е повреден без рестрикции заемане за дома 15923 Регионална библиотека "Любен Каравелов" Русе Регионална библиотека "Любен Каравелов" Русе Заемна - подръчен фонд 2001-01-01 Заемна - подръчен фонд 1.44 618184 П 820(73)-31/Е 63 618184 1 0.74 Дост: Pk Вид: Ф N: стар фонд Дата: 01.01.1995 Книги
  Не е изгубен Universal Decimal Classification Не е повреден без рестрикции ползва се в читалня 15924 Регионална библиотека "Любен Каравелов" Русе Регионална библиотека "Любен Каравелов" Русе Хранилище 2001-01-01 Хранилище 0.96 619500 Цб 184836 120000619500 2 0.49 Дост: Dp Вид: Д N: 1 Дата: 01.01.1995 Дата инв: 18.08.2014 Бележки инв: Цб2014 Книги
Vip Innovations Ltd, Rousse, Bulgaria 2025